000 01142cam a22003014a 4500
001 13839848
003 ARRUPE
005 20141112111807.0
008 050112s2005 wiu b 000 0 eng
010 _a 2005000867
020 _a0874625858 (alk. paper)
035 _a(OCoLC)ocm57493827
040 _aDLC
_cDLC
_dYDX
_dBAKER
_dDLC
042 _apcc
050 0 0 _aBT121.3
_b.C64 2005
082 0 0 _a231/.3
_222
100 1 _aCoffey, David
_q(David Michael)
_912547
245 1 0 _a"Did you receive the Holy Spirit when you believed?" :
_bsome basic questions for pneumatology /
_cDavid Coffey.
260 _aMilwaukee, WI :
_bMarquette University Press,
_cc2005.
300 _a125 p. ;
_c19 cm.
440 4 _aThe Père Marquette lecture in theology ;
_v2005
_912548
504 _aIncludes bibliographical references (p. 114-125).
610 2 0 _aCatholic Church
_xDoctrines.
_912549
650 0 _aHoly Spirit.
_912550
906 _a7
_bcbc
_corignew
_d1
_eecip
_f20
_gy-gencatlg
942 _2lcc
_cMONOGRAPH
999 _c121220
_d121220